Sports Quiz

Random Sports or Basketball Quiz

Name 6 NBA rookies Quiz Stats

 Plays Quiz not verified by Sporcle

Challenge
Share
Tweet
Embed
Score 0/6 Timer 06:00
0 Plays Today
Hint Answer % Correct
Cleveland Cavalier???
82.1%
Boston Celtics???
79.5%
Charlotte Bobcats ???
71.8%
Philadelphia 76ers???
66.7%
New York Knicks???
48.7%
Golden state warriors???
20.5%

You're not logged in!

Compare scores with friends on all Sporcle quizzes.
OR
Log In

You Might Also Like...

Show Comments

Extras

Created Oct 10, 2013ReportNominate
Tags:Basketball Quiz, NBA Quiz

Top Quizzes Today


Score Distribution

Your Account Isn't Verified!

In order to create a playlist on Sporcle, you need to verify the email address you used during registration. Go to your Sporcle Settings to finish the process.

Report this User

Report this user for behavior that violates our Community Guidelines.

Details: